| 000 | 01094cab a22002655a 4500 | ||
|---|---|---|---|
| 001 | L158151 | ||
| 008 | 140923e2014 xxk 000 0 eng d | ||
| 035 | _a(Sirsi) u158151 | ||
| 041 | 0 | _aeng | |
| 100 | 1 | _aLambert, Donald | |
| 245 | 0 | 0 | _aMake or break |
| 260 | _c2014 | ||
| 490 |
_aNew Law Journal _v164 (7622) 19 September 2014, 13-14(2) |
||
| 520 | _aConsiders issues relating to break clauses in leases including repayment of apportionment of rent and other services paid in advance of the break clause coming into place. Refers to case law dealing with break clauses including "Marks & Spencer Plc v BNP Paribas" [2014] EWCA Civ 603 (L158150) implied terms and "PCE Investors Ltd v Cancer Research UK" [2012] EWHC 884 (Ch), | ||
| 590 | _aKA | ||
| 650 | 2 | 4 | _aMARKS AND SPENCER PLC V BNP PARIBAS |
| 650 | 2 | 4 | _aPCE INVESTORS LTD V CANCER RESEARCH UK |
| 650 | 2 | 4 | _aAPPORTIONMENT ACT 1870 |
| 650 | 2 | 4 | _aBREAK CLAUSES |
| 650 | 2 | 4 | _aIMPLIED TERMS |
| 651 | 4 |
_aEngland and Wales _y1543- |
|
| 690 |
_aLandlord and tenant _96252 |
||
| 690 |
_aCommercial property _96227 |
||
| 942 | _n0 | ||
| 999 |
_c84522 _d84522 |
||